000 00231nam a2200097Ia 4500
008 170620s9999 xx 000 0 und d
100 _aSharma- N.R.
245 0 _aTeaching Of English
260 _bR.S A. International- Agara-2
260 _c2013
300 _a216
999 _c28123
_d28123